LEADER 00942nam0 2200337 450 001 990010084740403321 005 20160629141705.0 035 $a001008474 035 $aFED01001008474 035 $a(Aleph)001008474FED01 035 $a001008474 100 $a20160629d1960----km-y0itaa50------ba 101 0 $aita 102 $aIT 105 $a--------001yy 200 1 $aOlii essenziali e resine$fA. Mangini 205 $a2. ed 210 $aBologna$cR. Patron$d1960 215 $aVII, 212 p.$d25 cm 225 1 $aQuaderni di chimica industriale$v8 300 $aDalle lezioni di chimica industriale tenute dal prof. A. Mangini / raccolte e coordinate dal dott. R. Passerini 482 0$1001000220775 610 0 $aEssenze 610 0 $aResine 676 $a661.8 700 1$aMangini,$bAngelo$f<1905-1988> 801 0$aIT$bUNINA$gRICA$2UNIMARC 901 $aBK 912 $a990010084740403321 959 $aFFABC 997 $aUNINA LEADER 01721oam 2200481 450 001 9910703467403321 005 20141205095804.0 035 $a(CKB)3710000000913152 035 $a(OCoLC)888022540 035 $a(EXLCZ)993710000000913152 100 $a20140820d2014 ua 0 101 0 $aeng 135 $aur||||||||||| 181 $ctxt$2rdacontent 182 $cc$2rdamedia 183 $acr$2rdacarrier 200 10$aCarcieri $ebringing certainty to trust land acquisitions : hearing before the Committee on Indian Affairs, United States Senate, One Hundred Thirteenth Congress, first session, November 20, 2013 210 1$aWashington :$cU.S. Government Printing Office,$d2014. 215 $a1 online resource (iii, 78 pages) 225 1 $aS. hrg. ;$v113-214 300 $aTitle from title screen (viewed on Aug. 20, 2014). 300 $aPaper version available for sale by the Superintendent of Documents, United States Government Printing Office. 320 $aIncludes bibliographical references. 517 $aCarcieri 606 $aIndians of North America$xLand tenure 606 $aFederal-Indian trust relationship 606 $aIndian country (United States law) 606 $aFederally recognized Indian tribes 608 $aLegislative hearings.$2lcgft 615 0$aIndians of North America$xLand tenure. 615 0$aFederal-Indian trust relationship. 615 0$aIndian country (United States law) 615 0$aFederally recognized Indian tribes. 801 0$bGPO 801 1$bGPO 801 2$bGPO 801 2$bCOO 801 2$bOCLCO 801 2$bGPO 906 $aBOOK 912 $a9910703467403321 996 $aCarcieri$93506655 997 $aUNINA